| 000 | 00528nam a2200217Ia 4500 | ||
|---|---|---|---|
| 003 | OSt | ||
| 005 | 20220928143051.0 | ||
| 006 | a|||||r|||| 00| 0 | ||
| 007 | ta | ||
| 008 | 220927b |||||||| |||| 00| 0 eng d | ||
| 024 | _a20908 | ||
| 037 | _cTextual | ||
| 040 |
_aSDCL _cSDCL _beng |
||
| 041 |
_2eng _aeng |
||
| 082 | _aO152:gxN15,11, M7 | ||
| 100 |
_aNagendra _9391673 |
||
| 245 | 0 | _aRasa sidhanta. | |
| 260 | _c1987 | ||
| 942 |
_hO152:gxN15,11, M7 _cTEXL _2CC |
||
| 999 |
_c822997 _d822997 |
||